| 000 | 01043cab a2200301 4500 | ||
|---|---|---|---|
| 001 | ##L135033 | ||
| 008 | 060920n2006 000 0 eng u | ||
| 035 | _a(Sirsi) u135033 | ||
| 041 | 0 | _aeng | |
| 100 | 1 | _aGreenshields, Claire | |
| 245 | 0 | 0 |
_aFocus _bM40 |
| 260 | _c2006 | ||
| 490 | 0 |
_aEstates Gazette _v(0637) 16 September 2006, 125-139(7) |
|
| 520 | _aDiscusses the implications of new shopping centre developments in Leamington Spa and High Wycombe, examines the increasing demand for small office and research units and reports on the dearth of large sites in the region which is leading to increased land values and restricting shed development. Tables. | ||
| 590 | _aIKA031006 | ||
| 651 | 4 | _aLEAMINGTON SPA | |
| 651 | 4 | _aHIGH WYCOMBE | |
| 651 | 4 | _aUXBRIDGE | |
| 651 | 4 | _aOXFORD | |
| 651 | 4 | _aBANBURY | |
| 651 | 4 | _aBICESTER | |
| 651 | 4 | _aWARWICK | |
| 651 | 4 | _aM40 CORRIDOR | |
| 690 | _aPROPERTY-COMMERCIAL PROPERTY-COMMERCIAL PROPERTY MARKET | ||
| 700 | 1 | _aTaylor, Andrew | |
| 700 | 1 | _aJack, Simon | |
| 942 | _n0 | ||
| 999 |
_c77758 _d77758 |
||